rozpoznaj flagę w odcieniach czarno białych - Statystyki

Ogólne statystyki
  • Ten quiz został rozwiązany 15 razy
  • Średni wynik to 11 z 12
Statystyki odpowiedzi
Obrazkowy Odpowiedź % Poprawnych
Argentyna
100%
Cypr
100%
Jamajka
100%
Japonia
100%
Kanada
100%
Korea południowa
100%
Republika Południowej Afryki
100%
Urugwaj
93%
Bhutan
87%
Liban
87%
Kambodża
80%
Tanzania
73%
Nie znaleziono quizów pasujących do podanych kryteriów
Rozkład punktacji
Procent ludzi z każdym wynikiem
Percentyl według liczby udzielonych odpowiedzi
Twoja historia wyników
Nie rozwiązałeś tego quizu